000 00641nam a2200181 a 4500
005 20140412111237.0
008 010710s19uu xx 00 eng d
020 _a0-7214-9656-3
050 _aTR(PS E
_bWo89 1995
100 _aStimson, Joan
245 _aWorried Arthur: the birthday party /
_cwritten by Joan Stimson; illustrated by Jan Lewis.
260 _aLeicestershire, UK :
_bLadybird Books Ltd,
_c1995.
300 _a1v. (unp.) ; ill.
520 _aArthur is a penguin and a worrier. One morning he wakes up feeling excited and worried all at once.
650 _aParties-Fiction
650 _aParties-Stories
999 _c102506
_d102506